Multi user detection of Overloaded mimo systems using network coding (Record no. 215402)
[ view plain ]
| 000 -LEADER | |
|---|---|
| fixed length control field | 00682 a2200205 4500 |
| 003 - CONTROL NUMBER IDENTIFIER | |
| control field | Nust |
| 005 - DATE AND TIME OF LATEST TRANSACTION | |
| control field | 20201120140510.0 |
| 038 ## - RECORD CONTENT LICENSOR | |
| Staff Name | waseem |
| 040 ## - CATALOGING SOURCE | |
| Transcribing agency | Nust |
| 082 ## - DEWEY DECIMAL CLASSIFICATION NUMBER | |
| Classification number | 621.382 |
| 100 ## - MAIN ENTRY--PERSONAL NAME | |
| Personal name | Qayyum, Amna (MSEE-17) |
| 9 (RLIN) | 35474 |
| 245 ## - TITLE STATEMENT | |
| Title | Multi user detection of Overloaded mimo systems using network coding |
| Statement of responsibility, etc. | Amna Qayyum |
| 260 ## - PUBLICATION, DISTRIBUTION, ETC. | |
| Place of publication, distribution, etc. | Rawalpindi |
| Name of publisher, distributor, etc. | MCS (NUST) |
| Date of publication, distribution, etc. | 2014 |
| 300 ## - PHYSICAL DESCRIPTION | |
| Extent | xiv,54, p.; |
| 505 ## - FORMATTED CONTENTS NOTE | |
| Formatted contents note | Introduction (Page-1) Background (Page-7) Simple overloaded systems (Page-30) Performance evaluation (Page-37) Summary and future work (Page-47) |
| 538 ## - SYSTEM DETAILS NOTE | |
| System details note | Almirah No. 69 Shelf No. 3 |
| 650 ## - SUBJECT ADDED ENTRY--TOPICAL TERM | |
| Topical term or geographic name entry element | PG Thesis |
| 9 (RLIN) | 35000 |
| 651 ## - SUBJECT ADDED ENTRY--GEOGRAPHIC NAME | |
| Geographic name | MSEE-17 |
| 9 (RLIN) | 35169 |
| 942 ## - ADDED ENTRY ELEMENTS (KOHA) | |
| Koha item type | Thesis |
| Source of classification or shelving scheme | |
| Withdrawn status | Lost status | Source of classification or shelving scheme | Damaged status | Not for loan | Collection code | Permanent Location | Current Location | Date acquired | Total Checkouts | Full call number | Barcode | Date last seen | Price effective from | Koha item type | Shelving location |
|---|---|---|---|---|---|---|---|---|---|---|---|---|---|---|---|
| Central Library (CL) | Central Library (CL) | 11/18/2020 | 621.3 | CL-T-1428 | 11/18/2020 | 11/18/2020 | Thesis | ||||||||
| Central Library (CL) | Central Library (CL) | 11/19/2020 | 621.3 | CL-T-1429 | 11/19/2020 | 11/19/2020 | Thesis | ||||||||
| Military College of Signals (MCS) | Military College of Signals (MCS) | 12/12/2016 | 621.382 QAY | MCSTEE-236 | 12/08/2016 | 12/12/2016 | Book |
